000
00526nam a2200133Ia 4500
008
100328s9999 xx 000 0 und d
082
_b
66722
100
_a
गोवंडे श्रीकांत.
245
_a
अल्लाउद्दीन आणि जादूचा दिवा.
260
_b
नितीन.
630
_a
अल्लाउद्दीन आणि जादूचा दिवा.
730
_a
अल्लाउद्दीन आणि जादूचा दिवा.
942
_c
BOOK
999
_c
552461
_d
552458